000 00449nam a2200145Ia 4500
008 230917s9999||||xx |||||||||||||| ||und||
040 _e205023
_aMAIN
041 _aEnglish
082 _a891.431741 AA14V
100 _aमिश्र, अनन्त राम
245 0 _aविराट विमर्श
260 _aनई दिल्ली
_bलोकवाणी संस्थान
_c2004
300 _a285 पृ. p.
942 _cHN
999 _c172653
_d172653